Targe plus-plus fomular bestari SPM Sejarah Peradaban Dunia KBSM.

Bibliographic Details
Main Author: Yew Chee Wai
Format: Book
Published: Petaling Jaya : Sasbadi Sdn. Bhd. , 2000
Subjects:

MARC

LEADER 00000cam a2200000 7i4500
001 0000041669
005 20001208.0
020 |a 9835906637 
090 0 0 |a 909   |b YEW 
100 0 |a Yew Chee Wai 
245 0 0 |a Targe plus-plus fomular bestari SPM Sejarah Peradaban Dunia KBSM.   |c Yew Chee Wai. 
260 |a Petaling Jaya :   |b Sasbadi Sdn. Bhd. ,   |c 2000 
300 |a 256 p. ;   |c 21 cm. 
650 0 0 |a World history   |x SPM 
999 |a 091364   |b BUKU   |c PINJAMAN   |e PERPUSTAKAAN KOMUNITI PETALING JAYA 
999 |a 091365   |b BUKU   |c PINJAMAN   |e PERPUSTAKAAN KOMUNITI PETALING JAYA 
999 |a 091366   |b BUKU   |c RUJUKAN ULANGKAJI   |e PERPUSTAKAAN KOMUNITI PETALING JAYA 
999 |a 091367   |b BUKU   |c RUJUKAN ULANGKAJI   |e PERPUSTAKAAN KOMUNITI PETALING JAYA 
999 |a 091368   |b BUKU   |c RUJUKAN ULANGKAJI   |e PERPUSTAKAAN KOMUNITI PETALING JAYA 
999 |a 091369   |b BUKU   |c RUJUKAN ULANGKAJI   |e PERPUSTAKAAN KOMUNITI PETALING JAYA